000 00666nam a2200193Ia 4500
003 GCL
008 140319s9999 xx 000 0 ara d
040 _aGCL /
_cGCL
082 0 4 _a321.8ب ت
100 1 _aبرنامج الامم المتحدة الانمائى
245 1 0 _aتقرير التنمية البشرية /
_cبرنامج الامم المتحدة الانمائى
260 _aبيروت :
_bمركز دراسات الوحدة العربية ،
_c1993
300 _a231 ص ؛
_c30 سم
650 0 4 _aالاقتصاد
650 0 4 _aالتنمية الاجتماعية
650 0 4 _aالاجتماع
650 0 4 _aالسكان
942 _2ddc
_cBK
999 _c27454
_d27454